|
|
|
|
| LEADER |
03580nam a2200781 4500 |
| 001 |
ocn775591935 |
| 003 |
OCoLC |
| 005 |
20170124071732.9 |
| 006 |
m o d |
| 007 |
cr ||||||||||| |
| 008 |
120206s2012 nju ob 001 0 eng |
| 010 |
|
|
|a 2012005374
|
| 040 |
|
|
|a DLC
|b eng
|e pn
|c DLC
|d YDX
|d EBLCP
|d N$T
|d YDXCP
|d MERUC
|d OCLCF
|d UKDOC
|d DG1
|d IEEEE
|d E7B
|d CDX
|d ZMC
|d COO
|d ITD
|d DEBSZ
|d OCLCO
|d OCLCQ
|d OCLCO
|d CAUOI
|d OCLCO
|d DG1
|d OCLCQ
|d GrThAP
|
| 019 |
|
|
|a 798698972
|a 808867049
|
| 020 |
|
|
|a 9781118319123
|q (ePub)
|
| 020 |
|
|
|a 1118319125
|q (ePub)
|
| 020 |
|
|
|a 9781118319109
|q (Adobe PDF)
|
| 020 |
|
|
|a 1118319109
|q (Adobe PDF)
|
| 020 |
|
|
|a 9781118319116
|q (MobiPocket)
|
| 020 |
|
|
|a 1118319117
|q (MobiPocket)
|
| 020 |
|
|
|a 9781118319130
|
| 020 |
|
|
|a 1118319133
|
| 020 |
|
|
|a 1118100344
|
| 020 |
|
|
|a 9781118100349
|
| 020 |
|
|
|z 9781118100349
|q (pbk.)
|
| 024 |
8 |
|
|a 9786613673602
|
| 029 |
1 |
|
|a AU@
|b 000049675201
|
| 029 |
1 |
|
|a CHNEW
|b 000601770
|
| 029 |
1 |
|
|a DEBBG
|b BV040832432
|
| 029 |
1 |
|
|a DEBSZ
|b 377426741
|
| 029 |
1 |
|
|a NZ1
|b 14695029
|
| 029 |
1 |
|
|a NZ1
|b 15340844
|
| 029 |
1 |
|
|a DEBBG
|b BV041828960
|
| 035 |
|
|
|a (OCoLC)775591935
|z (OCoLC)798698972
|z (OCoLC)808867049
|
| 037 |
|
|
|a 10.1002/9781118319130
|b Wiley InterScience
|n http://www3.interscience.wiley.com
|
| 042 |
|
|
|a pcc
|
| 050 |
0 |
0 |
|a T58.5
|
| 072 |
|
7 |
|a COM
|x 013000
|2 bisacsh
|
| 072 |
|
7 |
|a COM
|x 014000
|2 bisacsh
|
| 072 |
|
7 |
|a COM
|x 018000
|2 bisacsh
|
| 072 |
|
7 |
|a COM
|x 067000
|2 bisacsh
|
| 072 |
|
7 |
|a COM
|x 032000
|2 bisacsh
|
| 072 |
|
7 |
|a COM
|x 037000
|2 bisacsh
|
| 072 |
|
7 |
|a COM
|x 052000
|2 bisacsh
|
| 082 |
0 |
0 |
|a 004.071/1
|2 23
|
| 084 |
|
|
|a COM032000
|2 bisacsh
|
| 049 |
|
|
|a MAIN
|
| 245 |
0 |
0 |
|a Service-learning in computer and information sciences :
|b practical applications in engineering education /
|c editor, Brian A. Nejmeh.
|
| 264 |
|
1 |
|a Hoboken, New Jersey :
|b IEEE Press/Wiley,
|c 2012.
|
| 300 |
|
|
|a 1 online resource.
|
| 336 |
|
|
|a text
|b txt
|2 rdacontent
|
| 337 |
|
|
|a computer
|b c
|2 rdamedia
|
| 338 |
|
|
|a online resource
|b cr
|2 rdacarrier
|
| 520 |
|
|
|a "This book outlines necessary framework and successful scenarios trough presenting implementation examples and analysing the outcomes"--
|c Provided by publisher.
|
| 588 |
0 |
|
|a Print version record and CIP data provided by publisher.
|
| 504 |
|
|
|a Includes bibliographical references and index.
|
| 505 |
0 |
|
|a Service-Learning in Computer and Information Sciences: Practical Applications in Engineering Education; CONTENTS; Preface; Acknowledgments; Contributors; Part I-A Framework; CHAPTER 1 A Framework for Service-Learning in the Computer and Information Sciences; Abstract; 1.1 Introduction; 1.2 Background and Related Work; 1.3 What is Service-Learning in the Computer and Information Sciences?; 1.4 Benefits of Service-Learning in the Computer and Information Sciences; 1.5 A Service-Learning Framework for the Computer and Information Sciences; 1.6 Conclusions; Acknowledgments.
|
| 650 |
|
0 |
|a Information technology
|x Study and teaching.
|
| 650 |
|
0 |
|a Service learning.
|
| 650 |
|
7 |
|a COMPUTERS
|x Information Technology.
|2 bisacsh
|
| 650 |
|
7 |
|a Information technology
|x Study and teaching.
|2 fast
|0 (OCoLC)fst00973135
|
| 650 |
|
7 |
|a Service learning.
|2 fast
|0 (OCoLC)fst01431330
|
| 655 |
|
4 |
|a Electronic books.
|
| 655 |
|
7 |
|a Electronic books.
|2 local
|
| 700 |
1 |
|
|a Nejmeh, Brian A.
|
| 776 |
0 |
8 |
|i Print version:
|t Service-learning in information sciences.
|d Hoboken, NJ : Wiley, 2012
|z 9781118100349
|w (DLC) 2011052003
|
| 856 |
4 |
0 |
|u https://doi.org/10.1002/9781118319130
|z Full Text via HEAL-Link
|
| 994 |
|
|
|a 92
|b DG1
|